| 000 | 00750nmm a2200265 a 4500 | ||
|---|---|---|---|
| 003 | AR-BaBNM | ||
| 005 | 20251128203012.0 | ||
| 008 | 011101s1968 ||||||||||||||000 | spa|| | ||
| 040 | _cAR-BaBNM | ||
| 100 | 1 | _aManacorda de Rosetti, Mabel V. | |
| 245 | 1 | 0 |
_aLa gramática estructural en la escuela secundaria _bsu valor formativo |
| 250 | _a2ª ed. | ||
| 260 |
_aBuenos Aires _bKapelusz _c1968 |
||
| 300 | 1 |
_axii, 112 p. _btablas |
|
| 504 | _aBibliografía: p. 111-112 | ||
| 650 | 4 | _aGRAMATICA ESTRUCTURAL | |
| 650 | 4 | _aGRAMATICA | |
| 650 | 4 | _aSEMANTICA | |
| 650 | 4 | _aLINGUISTICA | |
| 653 | 0 | _aENSENANZA DE LA LENGUA | |
| 653 | 0 | _aEDUCACION SECUNDARIA | |
| 700 | 1 |
_aLacau, María Hortensia _eprologuista |
|
| 942 | _cBK | ||
| 998 | _cSILVI | ||
| 999 |
_c1461 _d1461 |
||